La primera piedra / (Registro nro. 10601)

Detalles MARC
000 -LIDER
fixed length control field 00669nam a22002417a 4500
001 - NÚMERO DE CONTROL
Identificador de número de control 00593
003 - IDENTIFICACDOR DE NÚMERO DE CONTROL
control field DO-SdBNP
005 - DATE AND TIME OF LATEST TRANSACTION
control field 20180202105104.0
007 - CAMPOS FIJOS DE DESCRIPCIÓN FÍSICA
fixed length control field 00593
008 - ELEMENTOS DE LONGITUD FIJA
fixed length control field 160627b sp 1991||||| |||| 00| 0 spa d
020 ## - ISBN
International Standard Book Number 9788433909268
040 ## - FUENTE DE CATALOGACIÓN
Agencia que crea de manera original el registro BPMSU
Idioma de catalogación spa
Agencia que realiza la transcripción BPMSU
092 ## - LOCALLY ASSIGNED DEWEY DECIMAL CALL NUMBER
Número de clasificación xxxxxxx
Número de ítem (Cutter) xxxxxxx
100 1# - ASIENTO PRINCIPAL -- NOMBRE PERSONAL
Nombre personal Pámies, Sergi
245 13 - MENCIÓN DE TITULO
Título La primera piedra /
Mención de responsabilidad Sergio Pámies ; traducción Marcelo Cohen
300 ## - DESCRIPCIÓN FÍSICA
Extensión 188 p. :
Dimensiones 20 cm.
490 1# - MENCIÓN DE SERIES
Mención de serie Narrativas hispánicas
Volume/sequential designation 116
700 ## - ASIENTO SECUNDARIO -- NOMBRE PERSONAL
Nombre personal Cohen, Marcelo,
Mención de responsabilidad tr.
830 #0 - ASIENTO SECUNDARIO DE SERIE--TÍTULO UNIFORME
Título uniforme Narrativas hispánicas
Número de la parte o sección de una obra 116
942 ## - ADDED ENTRY ELEMENTS (KOHA)
Source of classification or shelving scheme Dewey Decimal Classification
Koha item type Libros
945 ## - INFORMACIÓN DE PROCESAMIENTO LOCAL
Información de procesamiento local Inventariado, 2018/ YL
956 ## - LOCAL ELECTRONIC LOCATION AND ACCESS (OCLC)
Nombre de host BTAVÁREZ
Número de acceso 10
Información de compresión 20162706
Trayectoria 00593
Existencias
Withdrawn status Lost status Source of classification or shelving scheme Damaged status Not for loan Collection code Home library Current library Date acquired Source of acquisition Total Checkouts Barcode Date last seen Price effective from Koha item type
    Dewey Decimal Classification     Colección General Biblioteca Pública Metropolitana Salomé Ureña Biblioteca Pública Metropolitana Salomé Ureña 06/27/2016 Donación   BPMSU16060600 06/27/2016 06/27/2016 Libros